000 01033naa a22003017a 4500
001 BR8005937
003 BR-BrBNA
005 20240918174658.0
007 ta
008 230509b bl.||||| |||| 00| 0 por d
040 _aBR-BrBNA
_bpor
_cBiblioteca Nacional de Agricultura
041 _a(Pt)
072 _aT00; H00
_b3870
090 _aT00 BR8005937
100 1 _aSilva, D.H. da
111 1 _a1. Seminario sobre Poluicao por Metais Pesados
_cBrasilia, DF (Brazil)
_dNov 1979
245 1 _aDefensivos agricolas e mercurio [poluicao, meio ambiente]
260 3 _aBrasilia, DF (Brasil):
_c1980.
500 _a1. Seminario sobre Poluicao por Metais Pesados Brasilia, DF (Brasil): 1980. p. 25-28 (BR8005937-AM)T00
650 _aPOLUICAO
650 _aPESTICIDA
650 _aMERCURIO
650 _aCONTAMINACAO
650 _aMEIO AMBIENTE
773 0 _t1. Seminario sobre Poluicao por Metais Pesados
_wT00 BR8005937
_gBrasilia, DF (Brasil), 1980. p. 25-28
909 _a202404
_bLucia
_c55
_dLucia Elande
942 _cAM
_2AGRIS
999 _c312804
_d312804